the neighbourhood - Cherry flavoured lyrics - Statistics

General Stats
  • This quiz has been taken 13 times
  • The average score is 151 of 190
Answer Stats
Answer % Correct
Cherry
100%
flavoured
100%
I
100%
on
100%
to
100%
A
91%
a
91%
and
91%
And
91%
conversations
91%
down
91%
Down
91%
earth
91%
Get
91%
high
91%
I'm
91%
it
91%
It's
91%
like
91%
me
91%
motivation
91%
my
91%
the
91%
time
91%
you
91%
ago
82%
all
82%
alone
82%
been
82%
But
82%
control
82%
could
82%
doing
82%
feel
82%
from
82%
getting
82%
ghost
82%
Got
82%
gotta
82%
hanging
82%
I've
82%
keep
82%
keeping
82%
long
82%
low
82%
now
82%
slow
82%
Slow
82%
sold
82%
soul
82%
sour
82%
Sweet
82%
take
82%
Take
82%
Wish
82%
wish
82%
with
82%
concentration
73%
dancin'
73%
devil
73%
Devil
73%
Give
73%
give
73%
know
73%
level
73%
next
73%
somewhere
73%
think
73%
vacation
73%
waiting
73%
yeah
73%
beyond
64%
Come
64%
ever
64%
God
64%
levitation
64%
little
64%
Sent
64%
stay
64%
up
64%
don't
55%
fading
55%
boy
45%
hey
45%
stimulation
45%
drown
36%
nah
36%
Body
27%
Lover
27%
pills
27%
they'd
27%
tried
27%
Crow
18%
crow
18%
toy
18%
No matching quizzes found
Score Distribution
Percent of People with Each Score
Percentile by Number Answered
Your Score History
You have not taken this quiz